Maariful-Quran / (Record no. 180301)
[ view plain ]
| 000 -LEADER | |
|---|---|
| fixed length control field | 00544 a2200157 4500 |
| 003 - CONTROL NUMBER IDENTIFIER | |
| control field | Nust |
| 005 - DATE AND TIME OF LATEST TRANSACTION | |
| control field | 20221208104101.0 |
| 040 ## - CATALOGING SOURCE | |
| Transcribing agency | Nust |
| 082 ## - DEWEY DECIMAL CLASSIFICATION NUMBER | |
| Classification number | 297.122,SHA |
| 100 ## - MAIN ENTRY--PERSONAL NAME | |
| Personal name | Mufti Muhammad Shafi |
| 245 ## - TITLE STATEMENT | |
| Title | Maariful-Quran / |
| Statement of responsibility, etc. | Mufti Muhammad Shafi; translated by Muhammad Hasan Askari; Muhammad Shamim; revised by Mufti Muhammad Taqi Usmani. |
| 260 ## - PUBLICATION, DISTRIBUTION, ETC. | |
| Place of publication, distribution, etc. | Karachi : |
| Name of publisher, distributor, etc. | Maktaba-e-Darul-Uloom : Distributor, Idaratul-Maʻarif, 1996 |
| Date of publication, distribution, etc. | 1996 |
| 300 ## - PHYSICAL DESCRIPTION | |
| Extent | 664:p |
| Other physical details | ; 24 cm. |
| 650 ## - SUBJECT ADDED ENTRY--TOPICAL TERM | |
| Topical term or geographic name entry element | Quran , Islam |
| 9 (RLIN) | 104428 |
| 942 ## - ADDED ENTRY ELEMENTS (KOHA) | |
| Source of classification or shelving scheme | |
| Koha item type | Book |
| Call number prefix | 297.122,SHA |
| Withdrawn status | Lost status | Source of classification or shelving scheme | Damaged status | Not for loan | Permanent Location | Current Location | Shelving location | Date acquired | Full call number | Barcode | Date last seen | Price effective from | Koha item type | Public note |
|---|---|---|---|---|---|---|---|---|---|---|---|---|---|---|
| Military College of Signals (MCS) | Military College of Signals (MCS) | General Stacks | 12/12/2016 | 297.122,SHA | MCS31369 | 12/08/2016 | 12/12/2016 | Book | Almirah No.48, Shelf No.2 | |||||
| Military College of Signals (MCS) | Military College of Signals (MCS) | General Stacks | 12/12/2016 | 297.122SHA | MCS31370 | 12/08/2016 | 12/12/2016 | Book | Almirah No.48, Shelf No.2 | |||||
| Military College of Signals (MCS) | Military College of Signals (MCS) | General Stacks | 12/12/2016 | 297.122,SHA | MCS31371 | 12/08/2016 | 12/12/2016 | Book | Almirah No.48, Shelf No.2 | |||||
| Military College of Signals (MCS) | Military College of Signals (MCS) | General Stacks | 12/12/2016 | 297.122,SHA | MCS31372 | 12/08/2016 | 12/12/2016 | Book | Almirah No.48, Shelf No.2 | |||||
| Military College of Signals (MCS) | Military College of Signals (MCS) | General Stacks | 12/12/2016 | 297.122,SHA | MCS31373 | 12/08/2016 | 12/12/2016 | Book | Almirah No.48, Shelf No.2 | |||||
| Military College of Signals (MCS) | Military College of Signals (MCS) | General Stacks | 12/12/2016 | 297.122,SHA | MCS31374 | 12/08/2016 | 12/12/2016 | Book | Almirah No.48, Shelf No.2 | |||||
| Military College of Signals (MCS) | Military College of Signals (MCS) | General Stacks | 12/12/2016 | 297.122,SHA | MCS31376 | 12/08/2016 | 12/12/2016 | Book | Almirah No.48, Shelf No.2 |
